Loading...
| Any History | 7 | 14.29 | 100% | 29% | 14% |
| Current Events | 4 | 17.50 | 100% | 75% | 0% |
| Fine Arts - Classical Music | 6 | 11.67 | 83% | 17% | 17% |
| Fine Arts - Other | 8 | 10.00 | 75% | 25% | 0% |
| Geography | 6 | 13.33 | 100% | 33% | 0% |
| History - American | 8 | 17.50 | 88% | 63% | 25% |
| History - European | 7 | 20.00 | 100% | 57% | 43% |
| History - World | 6 | 15.00 | 100% | 50% | 0% |
| Literature - American | 5 | 14.00 | 100% | 40% | 0% |
| Literature - British | 7 | 14.29 | 100% | 29% | 14% |
| Literature - European | 6 | 16.67 | 100% | 50% | 17% |
| Literature - World | 10 | 11.00 | 90% | 20% | 0% |
| Mythology | 1 | 20.00 | 100% | 100% | 0% |
| Other Academic | 2 | 15.00 | 100% | 50% | 0% |
| Painting & Sculpture | 7 | 14.29 | 86% | 43% | 14% |
| Philosophy | 7 | 12.86 | 100% | 29% | 0% |
| Religion | 5 | 18.00 | 100% | 80% | 0% |
| Science - Biology | 7 | 8.57 | 71% | 14% | 0% |
| Science - Chemistry | 6 | 11.67 | 67% | 50% | 0% |
| Science - Other | 5 | 10.00 | 80% | 20% | 0% |
| Science - Physics | 8 | 11.25 | 100% | 0% | 13% |
| Social Science | 7 | 12.86 | 86% | 43% | 0% |